| 000 | 00489nam a22001937a 4500 | ||
|---|---|---|---|
| 003 | OSt | ||
| 005 | 20240709120801.0 | ||
| 008 | 240709b |||||||| |||| 00| 0 eng d | ||
| 020 | _a0130204412 | ||
| 040 | _cMUST | ||
| 082 | _a368.4 REJ 1999 | ||
| 100 |
_aRelda, George E _918546 |
||
| 245 |
_aSocial insurance and economic security/ _cGeorge E. Rejda |
||
| 250 | _a2nd | ||
| 300 |
_axii,399p. _bill. _c25cm |
||
| 504 | _aindexes included | ||
| 650 | _2economics | ||
| 942 |
_2ddc _cO_SHELF |
||
| 999 |
_c9111 _d9111 |
||